MARC

LEADER 00000nam0a2200000 4500
001 365301
005 20231102011755.0
035 |a (RuTPU)RU\TPU\retro\22664 
090 |a 365301 
100 |a 20211223d1981 m y0rusy50 ca 
101 0 |a rus 
102 |a UA 
105 |a a z 000zy 
200 1 |a Обобщенные методы анализа режимов системы тягового электроснабжения  |e учебное пособие  |f Э. С. Почаевец  |g Днепропетровский институт инженеров железнодорожного транспорта 
210 |a Днепропетровск  |c [Б. и.]  |d 1981 
215 |a 55 с.  |c ил. 
606 1 |a Транспорт  |x Электрификация  |2 stltpush  |3 (RuTPU)RU\TPU\subj\61302  |9 78502 
610 1 |a электрические цепи 
610 1 |a тяговое электроснабжение 
610 1 |a подвижные нагрузки 
610 1 |a случайные события 
610 1 |a потоки 
610 1 |a теория вероятностей 
610 1 |a учебные пособия 
675 |a 621.331(075.8)  |v 4 
700 1 |a Почаевец  |b Э. С.  |g Эдуард Степанович 
712 0 2 |a Днепропетровский институт инженеров железнодорожного транспорта  |c (1930-2000)  |2 stltpush  |3 (RuTPU)RU\TPU\col\19812  |9 27612 
801 1 |a RU  |b 63413507  |c 20211223 
942 |c BK